| 000 | 00443nam a22001577a 4500 | ||
|---|---|---|---|
| 020 | _a997151401X | ||
| 040 | _cNUST | ||
| 082 | _a621.815 JUV | ||
| 100 |
_aJuvinail, Robert C _9114246 |
||
| 110 |
_aMarshek, Kurt M _9104286 |
||
| 245 | _aFundamentals of Machine Component Design | ||
| 250 | _a3th Edition | ||
| 260 |
_aNew York: _bJohn Wiley & Sons, _c2002. |
||
| 650 |
_aFundamentals of Machine Component Design _9114247 |
||
| 942 |
_2ddc _cBK |
||
| 999 |
_c595616 _d595616 |
||